El criollo en su reflejo (Record no. 6731)

MARC details
000 -CABECERA
campo de control de longitud fija 01001nam a2200229 a 4500
001 - NÚMERO DE CONTROL
campo de control BRCA_7050
005 - FECHA Y HORA DE LA ÚLTIMA TRANSACCIÓN
campo de control 20190320205707.0
008 - DATOS DE LONGITUD FIJA--INFORMACIÓN GENERAL
campo de control de longitud fija 011211s2011----mx-a######---#000-0#spa-#
020 ## - NÚMERO INTERNACIONAL ESTÁNDAR DEL LIBRO
Número Internacional Estándar del Libro 9786079076016
041 ## - CÓDIGO DE LENGUA
Código de lengua del texto/banda sonora o título independiente spa
050 #4 - SIGNATURA TOPOGRÁFICA DE LA BIBLIOTECA DEL CONGRESO
Número de documento/Ítem C75 2011
245 10 - MENCIÓN DE TÍTULO
Título El criollo en su reflejo
Resto del título celebración e identidad, 1521-1821
Mención de responsabilidad, etc. textos Alfonso Alfaro... [et al.].
260 ## - PUBLICACIÓN, DISTRIBUCIÓN, ETC.
Lugar de publicación, distribución, etc. México
Nombre del editor, distribuidor, etc. Fomento Cultural Grupo Salinas
Fecha de publicación, distribución, etc. 2011
300 ## - DESCRIPCIÓN FÍSICA
Extensión 247 p.
Otras características físicas il. a color
Dimensiones 34 cm.
500 ## - NOTA GENERAL
Nota general Incluye lista catalográfica
500 ## - NOTA GENERAL
Nota general Colecciones Ricardo B. Salinas Pliego/Fomento Cultural Grupo Salinas; The Hispanic Society of America; Museo Franz Mayer
500 ## - NOTA GENERAL
Nota general Catálogo de la exposición realizada en el Museo Franz Mayer (Ciudad de México), 14 octubre - 12 diciembre, 2010
500 ## - NOTA GENERAL
Nota general Incluye piezas de la colección Franz Mayer: p. 45, 83, 133, 139, 141, 150, 166, 182, 191, 199, 209 y 215
650 14 - PUNTO DE ACCESO ADICIONAL DE MATERIA--TÉRMINO DE MATERIA
Término de materia o nombre geográfico como elemento de entrada Identidad criolla
Subdivisión cronológica 1521-1821
9 (RLIN) 17524
710 2# - PUNTO DE ACCESO ADICIONAL--NOMBRE DE ENTIDAD CORPORATIVA
Nombre de entidad corporativa o nombre de jurisdicción como elemento de entrada Alfaro, Alfonso
9 (RLIN) 17525
942 ## - ELEMENTOS DE PUNTO DE ACCESO ADICIONAL (KOHA)
Fuente del sistema de clasificación o colocación Library of Congress Classification
Tipo de ítem Koha Libros
Holdings
Estado de retiro Estado de pérdida Estado dañado No para préstamo Localización permanente Ubicación/localización actual Fecha de adquisición Total de préstamos Signatura topográfica completa Código de barras Fecha visto por última vez Precio válido a partir de Tipo de ítem Koha
El ejemplar forma parte de la colección y puede ser consultado según las políticas vigentes.       Biblioteca del Museo Franz Mayer (Rogerio Casas-Alatriste) Biblioteca del Museo Franz Mayer (Rogerio Casas-Alatriste) 01/12/2011   C75 2011 02683 22/03/2019 22/03/2019 Libros